| 000 | 00418nam a2200181Ia 4500 | ||
|---|---|---|---|
| 008 | 240925s9999 xx 000 0 und d | ||
| 020 | _a2962800 | ||
| 082 | _a658 FUL | ||
| 100 | _aFulmer ,Robert M. | ||
| 245 | 4 | _aThe New Management | |
| 250 | _a3rd | ||
| 260 |
_aLondon: _bMacmillan _c,1982. |
||
| 300 |
_axxii,761p. _bNA _fPirated |
||
| 500 | _aNA | ||
| 600 | _aManagement | ||
| 650 | _aManagement | ||
| 942 | _cBK | ||
| 999 |
_c8691 _d8691 |
||